Data modeling fundamentals : A practical guide for IT professionals

The purpose of this book is to provide a practical approach for IT professionals to acquire the necessary knowledge and expertise in data modeling to function effectively. It begins with an overview of basic data modeling concepts, introduces the methods and techniques, provides a comprehensive case...

Descripció completa

Guardat en:
Dades bibliogràfiques
Autor principal: Ponniah, Paulraj
Format: Llibre
Idioma:Undetermined
Publicat: Hoboken, N.J. Wiley-Interscience 2007
Matèries:
Etiquetes: Afegir etiqueta
Sense etiquetes, Sigues el primer a etiquetar aquest registre!
Thư viện lưu trữ: Trung tâm Học liệu Trường Đại học Cần Thơ
LEADER 01412nam a2200241Ia 4500
001 CTU_153236
008 210402s9999 xx 000 0 und d
020 |c 127 
082 |a 005.74 
082 |b P792 
100 |a Ponniah, Paulraj 
245 0 |a Data modeling fundamentals : 
245 2 |b A practical guide for IT professionals 
245 0 |c Paulraj Ponniah 
260 |a Hoboken, N.J. 
260 |b Wiley-Interscience 
260 |c 2007 
520 |a The purpose of this book is to provide a practical approach for IT professionals to acquire the necessary knowledge and expertise in data modeling to function effectively. It begins with an overview of basic data modeling concepts, introduces the methods and techniques, provides a comprehensive case study to present the details of the data model components, covers the implementation of the data model with emphasis on quality components, and concludes with a presentation of a realistic approach to data modeling. It clearly describes how a generic data model is created to represent truly the enterprise information requirements. 
526 |a Ngôn ngữ mô hình hóa 
526 |b CT182 
650 |a Database design,Data structures (Computer science),Thiết kế cơ sở dữ liệu,Cấu trúc dữ liệu (khoa học máy tính) 
904 |i QHieu 
980 |a Trung tâm Học liệu Trường Đại học Cần Thơ